Szó Tár kulturális- és életmódmagazin = magazín kultúry a životného štýlu
| Format: | Journal |
|---|---|
| Language: | Hungarian |
| PhysicalDescription: | 10 zv. 21 cm |
| Published: |
Šamorín
Rubiconprint, s.r.o.
2011-2020
Holice Alex II, s.r.o. Šamorín Péter Csető - RUBICON |
| Subjects: |
MARC
| LEADER | 00000cas a2200000 a 4500 | ||
|---|---|---|---|
| 001 | vtls010504118 | ||
| 003 | SK-MaSNL | ||
| 005 | 20260228162002.0 | ||
| 008 | 130416d20112020xo mr p 0 b0hun | ||
| 040 | |a SNK |b slo |c SNK |e AACR2 | ||
| 041 | 0 | |a hun | |
| 044 | |a xo |c SK | ||
| 072 | 7 | |a 316.7 |x Sociológia kultúry. Kultúrny život |2 konspekt | |
| 080 | |a 316.728 |2 2011 | ||
| 080 | |a 316.7 |2 2011 | ||
| 080 | |a 379.8(051) |2 2011 | ||
| 245 | 0 | 0 | |a Szó Tár |b kulturális- és életmódmagazin = magazín kultúry a životného štýlu |
| 246 | 1 | 3 | |a Szótár |
| 260 | 2 | |3 2012-[2017] |a Šamorín |b Rubiconprint, s.r.o. | |
| 260 | 3 | |3 [2018]-2020 |a Holice |b Alex II, s.r.o. | |
| 260 | |a Šamorín |b Péter Csető - RUBICON |c 2011-2020 | ||
| 300 | |a 10 zv. |c 21 cm | ||
| 310 | |a 1x mesačne | ||
| 362 | 0 | |a Č. 1 (2011)-sz. 12 (2012) ; évf. 3, sz. 1 (2013)-évf. 10, sz. 2 (2020) | |
| 500 | |a Evidenčné č.: EV 4300/11 ; EV 5621/18 | ||
| 500 | |a Zmena podnázvu: od r. 2017, információs magazin = informačný magazín | ||
| 515 | |a Niektoré čísla vychádzajú ako dvojčíslo | ||
| 650 | 0 | 7 | |a životný štýl |2 SNKPH |9 1704 |
| 650 | 0 | 7 | |a kultúra |2 SNKPH |9 886 |
| 655 | 7 | |a časopisy pre voľný čas |2 SNKPH |9 70337 | |
| 910 | |a snk | ||
| 999 | |c 6341 |d 8271 | ||
| 952 | |0 0 |1 0 |4 0 |7 0 |8 0 |a SNK |b SNK |d 2021-09-30 |i snk2021/14191 |l 0 |o snkČSC 3816/7/2017 |p 17A1460726 |r 2026-02-21 20:01:35 |t č. jan.-dec., neúplné |w 2026-02-21 |y PREZ |z Chýba č. apr.-dec. | ||
| 952 | |0 0 |1 0 |4 0 |7 0 |8 0 |a SNK |b SNK |d 2021-09-30 |i snk2021/14192 |l 0 |o snkČSC 3816/8/2018 |p 17A1460725 |r 2026-02-21 20:01:35 |t č. jan.-dec., neúplné |w 2026-02-21 |y PREZ |z Chýba č. jan., máj-okt. | ||
| 952 | |0 0 |1 0 |4 0 |7 0 |8 0 |a SNK |b SNK |d 2021-09-30 |i snk2021/14193 |l 0 |o snkČSC 3816/10/2020 |p 17A1460724 |r 2026-02-21 20:01:35 |t č. jan.-dec., neúplné |w 2026-02-21 |y PREZ |z Chýba č. jan., mar.-dec. | ||
| 952 | |0 0 |1 0 |4 0 |7 0 |8 0 |a SNK |b SNK |d 2018-04-17 |i snk2018/8666 |l 0 |o snkČSC 3816/2011 |p 17A1325127 |r 2026-02-21 21:56:54 |t č. 1-9 |w 2026-02-21 |y PREZ | ||
| 952 | |0 0 |1 0 |4 0 |7 0 |8 0 |a SNK |b SNK |d 2018-04-17 |i snk2018/8667 |l 0 |o snkČSC 3816/2012 |p 17A1325126 |r 2026-02-21 21:56:54 |t č. 1-12 |w 2026-02-21 |y PREZ | ||
| 952 | |0 0 |1 0 |4 0 |7 0 |8 0 |a SNK |b SNK |d 2018-04-17 |i snk2018/8668 |l 0 |o snkČSC 3816/2013 |p 17A1325125 |r 2026-02-21 21:56:54 |t č. 1-12 |w 2026-02-21 |y PREZ | ||
| 952 | |0 0 |1 0 |4 0 |7 0 |8 0 |a SNK |b SNK |d 2018-04-17 |i snk2018/8671 |l 0 |o snkČSC 3816/4/2014 |p 17A1325124 |r 2026-02-21 21:56:54 |t č. jan.-dec. |w 2026-02-21 |y PREZ | ||
| 952 | |0 0 |1 0 |4 0 |7 0 |8 0 |a SNK |b SNK |d 2018-04-17 |i snk2018/8674 |l 0 |o snkČSC 3816/5/2015 |p 17A1325123 |r 2026-02-21 21:56:54 |t č. jan.-dec. |w 2026-02-21 |y PREZ | ||
| 952 | |0 0 |1 0 |4 0 |7 0 |8 0 |a SNK |b SNK |d 2018-04-17 |i snk2018/8676 |l 0 |o snkČSC 3816/6/2016 |p 17A1325122 |r 2026-02-21 21:56:54 |t č. jan.-dec. |w 2026-02-21 |y PREZ | ||


